| 000 | 00332nam a22001097a 4500 | ||
|---|---|---|---|
| 999 |
_c516779 _d516779 |
||
| 082 | _aTNC AAX54 P191 | ||
| 100 |
_aPanchamukhi, V. R. _923465 |
||
| 245 |
_aManaging one - self : _bSri bhagavadgita theory and practice _cby V. R. Panchamukhi |
||
| 260 |
_aDelhi _bAmar Granth Pub. _c2001 |
||
| 300 | _a132p. | ||
| 650 |
_aBhagvad Gita _923466 |
||